| 000 | 00793nam a22001337a 4500 | ||
|---|---|---|---|
| 008 | 110622t xxu||||| |||| 00| 0 eng d | ||
| 010 | _aCAEPAF72 | ||
| 245 | _aCourt of Appeal Election Petition Appeal No. 26 OF 2006 Nangiro John Vs The Electoral Commission and another | ||
| 260 | _c2006 | ||
| 500 | _aCoram: Hon. Justice L.E.M. Mukasa-Kikonyogo, DCJ Hon. Justice C.N.B. Kitumba, JA Hon. Justice C.K. Byamugisha, JA | ||
| 500 | _aAppeal from the Judgement and Orders of the High Court at Soroti (Musota, Ag. J.) dated 19/8/2006 in Election Petition No. 6 of 2006 | ||
| 999 |
_c3557 _d3557 |
||